[Event "Krakow op-B 25th"]
[Site "Krakow"]
[Date "2014.12.28"]
[Round "2"]
[White "Jaskolka, Tomasz"]
[Black "Muhtarov, Leonid"]
[Result "1-0"]
[WhiteElo "2011"]
[BlackElo "2086"]
[PlyCount "51"]
[EventDate "2014.12.27"]
[EventType "swiss"]
[EventRounds "9"]
[EventCountry "POL"]
[SourceTitle "CBM 164 Extra"]
[Source "ChessBase"]
[SourceDate "2015.03.02"]
[SourceVersion "1"]
[SourceVersionDate "2015.03.02"]
[SourceQuality "1"]

1. e4 c5 2. Nf3 e6 3. d4 cxd4 4. Nxd4 Nf6 5. Bd3 a6 6. 0-0 Qc7 7. Nc3 Bd6 8. h3 0-0 9. Re1 Nc6 10. Nxc6 dxc6 11. Qe2 Be5 12. f4 Bxf4 13. e5 Bxc1 14. exf6 Bxb2 15. Bxh7+ Kh8 16. Qg4 gxf6 17. Bd3 Rd8 18. Qh5+ Kg7 19. Qg4+ Kh8 20. Ne4 Bxa1 21. Rxa1 Qe5 22. Rf1 Qd4+ 23. Kh1 f5 24. Qg5 fxe4 25. Rf6 Qa1+ 26. Kh2 1-0